Východiská finančného plánovania v skupine podnikov
Vytváranie holdingových spoločností. Východiská pre zostavovanie finančného plánu v holdingu. Finančné plány dcérskych spoločností. Konsolidovaný finančný plán holdingu. Štruktúrno-špecifické finančné plány. Finančné rozpočtovanie. Plánovanie kapitálovej štruktúry.
Saved in:
| Main Author: | |
|---|---|
| Format: | Book Chapter |
| Language: | Slovak |
| Subjects: | |
| Tags: |
No Tags, Be the first to tag this record!
|
MARC
| LEADER | 00000naa$a2200000$$$4500 | ||
|---|---|---|---|
| 001 | 0054739 | ||
| 005 | 20240502071629.1 | ||
| 041 | 0 | |a slo | |
| 044 | |a SK | ||
| 245 | 1 | 0 | |a Východiská finančného plánovania v skupine podnikov |c Milan Sochor |
| 520 | |a Vytváranie holdingových spoločností. Východiská pre zostavovanie finančného plánu v holdingu. Finančné plány dcérskych spoločností. Konsolidovaný finančný plán holdingu. Štruktúrno-špecifické finančné plány. Finančné rozpočtovanie. Plánovanie kapitálovej štruktúry. | ||
| 610 | 2 | 0 | |a podnik |
| 610 | 2 | 0 | |a plánovanie finančné |
| 610 | 2 | 0 | |a holding |
| 610 | 2 | 0 | |a spoločnosti holdingové |
| 610 | 2 | 0 | |a spoločnosti dcérske |
| 610 | 2 | 0 | |a spoločnosti materské |
| 610 | 2 | 0 | |a plán finančný |
| 610 | 2 | 0 | |a rozpočtovanie |
| 610 | 2 | 0 | |a štruktúra kapitálová |
| 100 | 1 | |a Sochor, Milan | |